[Event "Vienna State-chC"]
[Site "Vienna"]
[Date "2011.09.17"]
[Round "8"]
[White "Bugl, Mario"]
[Black "Busuioc, Alexandra"]
[Result "1-0"]
[WhiteElo "1619"]
[BlackElo "1366"]
[PlyCount "115"]
[EventDate "2011.09.10"]
[EventType "swiss"]
[EventRounds "9"]
[EventCountry "AUT"]
[SourceTitle "EXT 2013"]
[Source "ChessBase"]
[SourceDate "2012.11.22"]
[SourceVersion "1"]
[SourceVersionDate "2012.11.22"]
[SourceQuality "1"]

1. d4 d5 2. c4 e6 3. Nc3 Nf6 4. Bf4 Nbd7 5. a3 Be7 6. Nb5 0-0 7. Bxc7 Qe8 8. Nd6 Bxd6 9. Bxd6 dxc4 10. Bxf8 Nxf8 11. e3 b5 12. Nf3 Bb7 13. a4 a6 14. Be2 Rd8 15. 0-0 Ng6 16. axb5 axb5 17. Ra5 e5 18. Qa1 Qc6 19. Rd1 Re8 20. dxe5 Nxe5 21. Rd4 h6 22. Qd1 Nfd7 23. Rd6 Qc7 24. Nxe5 Rxe5 25. Rxd7 Qxa5 26. Rxb7 Qb4 27. Qb1 g6 28. Qc1 Rd5 29. Rb8+ Kh7 30. Qc3 Qxc3 31. bxc3 Rd2 32. Kf1 Rc2 33. Ke1 Rxc3 34. Rxb5 Kg7 35. Rc5 Rc1+ 36. Kd2 Rh1 37. h3 Rg1 38. Bxc4 Rxg2 39. Ke1 Rg1+ 40. Bf1 Kf6 41. f3 Rg5 42. Rxg5 Kxg5 43. Kf2 f5 44. Kg3 h5 45. f4+ Kf6 46. Kh4 Kg7 47. Kg5 Kh7 48. Bc4 Kg7 49. Bd5 Kh7 50. Bf7 Kg7 51. Bxg6 Kg8 52. Kxf5 h4 53. Kf6 Kh8 54. e4 Kg8 55. e5 Kh8 56. e6 Kg8 57. e7 Kh8 58. e8R# 1-0

[Event "Vienna State-chC"]
[Site "Vienna"]
[Date "2011.09.16"]
[Round "7"]
[White "Aziz, Samir"]
[Black "Bugl, Mario"]
[Result "0-1"]
[WhiteElo "1323"]
[BlackElo "1619"]
[PlyCount "86"]
[EventDate "2011.09.10"]
[EventType "swiss"]
[EventRounds "9"]
[EventCountry "AUT"]
[SourceTitle "EXT 2013"]
[Source "ChessBase"]
[SourceDate "2012.11.22"]
[SourceVersion "1"]
[SourceVersionDate "2012.11.22"]
[SourceQuality "1"]

1. e4 c5 2. Nf3 Nc6 3. c3 Nf6 4. e5 Nd5 5. d4 e6 6. c4 Nde7 7. d5 exd5 8. cxd5 Nb4 9. d6 Ng6 10. Bc4 f6 11. a3 Nc6 12. Qd5 Ncxe5 13. Nxe5 Nxe5 14. Bb3 Qb6 15. f4 c4 16. fxe5 cxb3 17. Bf4 Qc6 18. Qxb3 Qe4+ 19. Be3 Qxe5 20. Nd2 Qe6 21. Nc4 Bxd6 22. Nxd6+ Qxd6 23. 0-0 Qe6 24. Qd3 0-0 25. Bc5 Re8 26. Rae1 Qf7 27. Bd6 Re6 28. Re3 a5 29. Rh3 Qg6 30. Qd4 Ra6 31. Bf4 Rac6 32. Qd5 b6 33. Rg3 Qe4 34. Qh5 Bb7 35. Qg4 g6 36. h4 Rc2 37. h5 f5 38. Qh3 Qd4+ 39. Kh2 Ree2 40. Rg1 Qxf4 41. hxg6 Rxg2+ 42. R1xg2 Rxg2+ 43. Kh1 Rxg3+ 0-1

[Event "Vienna State-chC"]
[Site "Vienna"]
[Date "2011.09.14"]
[Round "5"]
[White "Bugl, Mario"]
[Black "Zikic, Goran"]
[Result "1-0"]
[WhiteElo "1619"]
[BlackElo "1465"]
[PlyCount "57"]
[EventDate "2011.09.10"]
[EventType "swiss"]
[EventRounds "9"]
[EventCountry "AUT"]
[SourceTitle "EXT 2013"]
[Source "ChessBase"]
[SourceDate "2012.11.22"]
[SourceVersion "1"]
[SourceVersionDate "2012.11.22"]
[SourceQuality "1"]

1. d4 d5 2. c4 c6 3. e3 Nf6 4. Nc3 e6 5. Nf3 Bb4 6. Bd2 0-0 7. a3 Ba5 8. b4 Bc7 9. Qc2 g6 10. cxd5 exd5 11. Be2 Bf5 12. Bd3 Bxd3 13. Qxd3 Nbd7 14. 0-0 Re8 15. Rfe1 Ne4 16. Bc1 Nxc3 17. Qxc3 Nf6 18. Bb2 Ne4 19. Qc2 Re6 20. Rac1 g5 21. Nd2 Qd6 22. g3 Nxd2 23. Qxd2 h5 24. e4 f6 25. e5 Qe7 26. exf6 Qxf6 27. Rxe6 Qf5 28. Qe3 h4 29. Re8+ 1-0